000 00706nam a22001937a 4500
999 _c60687
_d60687
005 20231009103808.0
008 231009s2005 enk||||| |||| 00| 0 eng d
020 _a9076289115
041 _aeng
080 _a94 B-85
245 _aThe challenge of presentation :
_bvisible and invisible parts of the frontiers of the Roman Empire world heritage site in the United Kingdom and Germany /
_cDavid Breeze, Andreas Thiel.
264 _aAmsterdam,
_c2005.
300 _a66 p.:
_bill.;
_c21 cm.
653 _aრომის იმპერია
653 _aპრეზენტაცია
653 _aისტორია
700 _aThiel, Andreas
_eავტორი
_920031
942 _2udc
_cBK